| 000 | 00980cam a2200301 i 4500 | ||
|---|---|---|---|
| 999 |
_c200429957 _d47883 |
||
| 001 | 200429957 | ||
| 003 | TR-AnTOB | ||
| 005 | 20231221102447.0 | ||
| 007 | ta | ||
| 008 | 980324s1990 tur 00010 tur | ||
| 020 | _a9751706009 | ||
| 040 |
_aTR-AnTOB _beng _erda _cTR-AnTOB _dTR-AnTOB |
||
| 041 | 0 | _atur | |
| 050 | 0 | 0 |
_aPL248.A95 _bM84 1973 |
| 090 |
_aPL248.A95 _bM84 1973 |
||
| 100 | 0 |
_aAziz Efendi, _d-1798 _eauthor _964244 |
|
| 245 | 1 | 0 |
_aMuhayyelat-ı Aziz Efendi : _b(Aziz Efendi'nin hayalleri) / _cAziz Efendi ; sadeleştiren Ahmet Kabaklı. |
| 264 | 1 |
_aAnkara : _bBaşbakanlık Kültür Müsteşarlığı 1000 Temel Eser Yayınları, _c1973. |
|
| 300 |
_axvi, 349 sayfa ; _c20 cm. |
||
| 336 |
_atext _2rdacontent _btxt |
||
| 337 |
_aunmediated _2rdamedia _bn |
||
| 338 |
_avolume _2rdacarrier _bnc |
||
| 650 | 0 |
_aTurkish literature _97783 |
|
| 650 | 0 |
_aTürk edebiyatı _986354 |
|
| 700 | 1 |
_aKabaklı, Ahmet _eeditor _914566 |
|
| 942 |
_2lcc _cBK |
||